000 00970 a2200241 4500
003 Nust
005 20230316132340.0
010 _a 85014313
020 _a0879421932
040 _cNust
082 0 0 _a621.395,VLS
100 _aedited by T.C. Hu, Ernest S. Kuh.
_9110434
245 0 0 _aVLSI circuit layout :
_btheory and design /
_cedited by T.C. Hu, Ernest S. Kuh.
260 _aNew York :
_bInstitute of Electrical and Electronics Engineers,
_cc1985.
300 _avi, 271 p. :
_bill. ;
_c29 cm.
490 0 _aIEEE Press selected reprint series
505 _aOverview (Page-1), General (Page-19), Wirability, Partitioning and Placement (Page-55), Routing (Page-131), Layout Systems (Page-217).
650 0 _aIntegrated circuits
_xVery large scale integration
_xDesign and construction.
_955710
700 1 _aHu, T. C.
_d1930-
_9110435
700 1 _aKuh, Ernest S.
_9110436
710 2 _aInstitute of Electrical and Electronics Engineers.
_925745
942 _2ddc
_cBK
999 _c183944
_d183944